Normal view
MARC view
Entry Topical Term
001 - CONTROL NUMBER
- control field: 55024
003 - CONTROL NUMBER IDENTIFIER
- control field: OSt
005 - DATE AND TIME OF LATEST TRANSACTION
- control field: 20241011101103.0
008 - FIXED-LENGTH DATA ELEMENTS
- fixed length control field: 241011|| aca||aabn | a|a d
040 ## - CATALOGING SOURCE
- Original cataloging agency: OSt
- Transcribing agency: OSt
150 ## - HEADING--TOPICAL TERM
- Topical term or geographic name entry element: ရွှေစာရံစေတီတေ်
- Form subdivision: သမိုင်း
670 ## - SOURCE DATA FOUND
- Source citation: Work cat.: (OSt)16639: အောင်မြင့်အောင်၊ ဦး 17274, သုဝဏ္ဏဘူမိ၏ရွှေစာရံစေတီတော် သမိုင်းကျမ်း /, ခုနှစ်မပါ။